00274nam a2200097 a 450000500170000000800410001705000210005810000160007924500710009526000100016620141022141958.0120306s19uu xx 00 eng d aCD-ROMbD36 2005 aDehaan, Jen aAnimation and effects with macromedia flash MX 2004 /cJen Dehaan. c2005.